Werke
Salvato in:
| Autore principale: | |
|---|---|
| Natura: | Libro |
| Lingua: | tedesco |
| Pubblicazione: |
Berlín
Walter de Gruyter
1967
|
| Serie: | Quellen und Studien zur Geschichte der Philosophie, 5-6
|
| Soggetti: | |
| Tags: |
Aggiungi Tag
Nessun Tag, puoi essere il primo ad aggiungerne!!
|
MARC
| LEADER | 00000nam a2200000 a 4500 | ||
|---|---|---|---|
| 001 | UCZ5141 | ||
| 003 | CL-VaPUC | ||
| 008 | 951117e19670000GW |||||||||||||||||ger|d | ||
| 082 | 0 | 4 | |a 189 |b CUS |2 21 |
| 100 | |a Cusa, Nicolás de |e author |9 265876 | ||
| 245 | 1 | 0 | |a Werke |
| 300 | |a v | ||
| 942 | |c BK | ||
| 945 | |d 19951117 00:00:00 |a cmena | ||
| 260 | |a Berlín |b Walter de Gruyter |c 1967 | ||
| 650 | 0 | |a Filosofía medieval |9 256245 | |
| 650 | 0 | |a Teoría del conocimiento |9 255038 | |
| 650 | 0 | |a Cosmología |9 269138 | |
| 650 | 0 | |a Teología |9 258766 | |
| 650 | 0 | |a Naturaleza humana |9 308593 | |
| 650 | 7 | |a HOMBRE |2 CL-VaPUC |9 262149 | |
| 650 | 0 | |a Filosofía de las ciencias |9 256466 | |
| 650 | 0 | |a Matemática |9 260235 | |
| 583 | |a last modification |c 19951117 00:00:00 |k Rodrigo Vera | ||
| 490 | 0 | |a Quellen und Studien zur Geschichte der Philosophie, 5-6 | |
| 999 | |c 241466 |d 241464 | ||
| 952 | |0 0 |1 0 |4 0 |6 189_000000000000000_CUS_1967 |7 0 |8 P |9 253795 |a BIBEDU |b BIBEDU |c BIBEDU_PB |d 2019-11-19 |h v.1 |i 1574620 |o 189 CUS 1967 |p 1574620 |r 2024-01-25 |w 2019-11-19 |y BK |k FIL | ||
| 952 | |0 0 |1 0 |4 0 |6 189_000000000000000_CUS_1967 |7 0 |8 P |9 253796 |a BIBEDU |b BIBEDU |c BIBEDU_PB |d 2019-11-19 |h v.2 |i 1574639 |o 189 CUS 1967 |p 1574639 |r 2024-01-25 |w 2019-11-19 |y BK |k FIL | ||